MARC

LEADER 00000nam0a2200000 4500
001 62925
005 20231101212031.0
035 |a (RuTPU)RU\TPU\book\66746 
090 |a 62925 
100 |a 20040422d2003 k y0rusy50 ca 
101 0 |a rus 
102 |a RU 
105 |a a z 100zy 
200 1 |a Экология России и сопредельных территорий. Экологический катализ  |e Материалы VIII международной экологической студенческой конференции. МЭСК-2003, Новосибирск, 2003 г.  |f Новосибирский государственный университет 
210 |a Новосибирск  |c Изд-во Новосибирского ун-та  |d 2003 
215 |a 246 с. 
610 1 |a Россия 
610 1 |a Новосибирск 
610 1 |a ландшафты 
610 1 |a экоаналитика 
610 1 |a мониторинг 
610 1 |a геоэкология 
610 1 |a окружающая среда 
610 1 |a охрана 
610 1 |a адсорбция 
610 1 |a катализ гетерогенный 
610 1 |a рациональное природопользование 
610 1 |a биотехнология 
610 1 |a загрязнение 
610 1 |a конференции 
675 |a 504(063)  |v 3 
675 |a 574(063)  |v 3 
712 0 2 |a Новосибирский государственный университет  |2 stltpush  |3 (RuTPU)RU\TPU\col\721  |9 23472 
712 0 2 |a Международный благотворительный научный фонд им. К.И. Замараева  |2 stltpush  |3 (RuTPU)RU\TPU\col\1646  |9 23583 
712 1 2 |a Экология России и сопредельных территорий. Экологический катализ.  |b международная экологическая студенческая конференция  |d 8  |e Новосибирск  |f 2003 
801 1 |a RU  |b 63413507  |c 20040422  |g PSBO 
801 2 |a RU  |b 63413507  |c 20101102  |g PSBO 
942 |c BK